Le grand feu : (Record no. 17707)
[ view plain ]
| 000 -CABECERA | |
|---|---|
| campo de control de longitud fija | 00516nam a22001817a 4500 |
| 001 - NÚMERO DE CONTROL | |
| campo de control | 000018186 |
| 005 - FECHA Y HORA DE LA ÚLTIMA TRANSACCIÓN | |
| campo de control | 20200929165406.0 |
| 008 - DATOS DE LONGITUD FIJA--INFORMACIÓN GENERAL | |
| campo de control de longitud fija | 850828s1985 fr b 000 0 fre |
| 010 ## - NÚMERO DE CONTROL DE LA BIBLIOTECA DEL CONGRESO | |
| Número de control de LC | 85183348 |
| 020 ## - NÚMERO INTERNACIONAL ESTÁNDAR DEL LIBRO | |
| Número Internacional Estándar del Libro | 2710302217 : |
| Condiciones de disponibilidad | 95.00F |
| 040 ## - FUENTE DE LA CATALOGACIÓN | |
| Centro catalogador/agencia de origen | DO-SdBNP |
| Centro/agencia transcriptor | DLC |
| Centro/agencia modificador | DLC |
| 050 00 - SIGNATURA TOPOGRÁFICA DE LA BIBLIOTECA DEL CONGRESO | |
| Número de clasificación | MLCS 85/10308 (P) |
| 100 1# - ENTRADA PRINCIPAL--NOMBRE DE PERSONA | |
| Nombre de persona | Bourin, Jeanne. |
| 9 (RLIN) | 39394 |
| 245 13 - MENCIÓN DE TÍTULO | |
| Título | Le grand feu : |
| Resto del título | roman / |
| Mención de responsabilidad, etc. | Jeanne Bourin. |
| 260 ## - PUBLICACIÓN, DISTRIBUCIÓN, ETC. | |
| Lugar de publicación, distribución, etc. | Paris : |
| Nombre del editor, distribuidor, etc. | Table ronde, |
| Fecha de publicación, distribución, etc. | c1985. |
| 300 ## - DESCRIPCIÓN FÍSICA | |
| Extensión | 445 p. : |
| Otras características físicas | map ; |
| Dimensiones | 22 cm. |
| 910 ## - DATOS DE OPCIÓN DEL USUARIO (OCLC) | |
| Datos de opción del usuario | Catalogación por copia / LC |
| Estado de retiro | Estado de pérdida | Restricciones de uso | No para préstamo | Código de colección | Localización permanente | Ubicación/localización actual | Ubicación en estantería | Fecha de adquisición | Número de inventario | Total de préstamos | Signatura topográfica completa | Código de barras | Fecha visto por última vez | Precio válido a partir de | Tipo de ítem Koha |
|---|---|---|---|---|---|---|---|---|---|---|---|---|---|---|---|
| Préstamo restrigido | Monografías: Libros y Folletos | General | General | En encuadernación | 20.04.2010 | LF1 | 18186-10 | 25.06.2020 | 25.06.2020 | No se presta |
